|
|
|
|
| LEADER |
01112cam a2200289 7i4500 |
| 001 |
0000029223 |
| 005 |
20130320090000.0 |
| 090 |
0 |
0 |
|a MEXC 646.72
|b BEA
|
| 245 |
0 |
0 |
|a Beauty and personal care in Mexico :
|b May 2012.
|
| 260 |
0 |
0 |
|a London:
|b Euromonitor International,
|c 2012.
|
| 300 |
# |
# |
|a 158 p.
|
| 440 |
0 |
0 |
|a Market report : May 2012
|
| 650 |
0 |
0 |
|a Skin care --
|x Markets --
|z Mexico
|
| 650 |
0 |
0 |
|a Fragrances --
|x Markets --
|z Mexico
|
| 650 |
0 |
0 |
|a Sun care --
|x Markets --
|z Mexico
|
| 650 |
0 |
0 |
|a Deodorants --
|x Markets --
|z Mexico
|
| 650 |
0 |
0 |
|a Baby care --
|x Markets --
|z Mexico
|
| 650 |
0 |
0 |
|a Colour cosmetics --
|x Markets --
|z Mexico
|
| 650 |
0 |
0 |
|a Depilatories --
|x Markets --
|z Mexico
|
| 650 |
0 |
0 |
|a Hair care --
|x Markets --
|z Mexico
|
| 650 |
0 |
0 |
|a Beauty and personal care --
|x Markets --
|z Mexico
|
| 650 |
0 |
0 |
|a Men`s grooming --
|x Markets --
|z Mexico
|
| 650 |
0 |
0 |
|a Oral care --
|x Markets --
|z Mexico
|
| 650 |
0 |
0 |
|a Sets/Kits --
|x Markets --
|z Mexico
|
| 650 |
0 |
0 |
|a Bath and shower --
|x Markets --
|z Mexico
|
| 651 |
0 |
0 |
|a Mexico
|
| 999 |
|
|
|a B000031658
|b Book
|c Countries
|e Business Information Centre
|